Central Library OPAC University of Rajshahi

The Indian nation in 1942 / (Record no. 41825)

MARC details
000 -LEADER
fixed length control field 00765nam a2200241 a 4500
001 - CONTROL NUMBER
control field 41825
003 - CONTROL NUMBER IDENTIFIER
rucl marc code BD-RjUL
005 - DATE AND TIME OF LATEST TRANSACTION
control field 20211209053445.0
008 - FIXED-LENGTH DATA ELEMENTS--GENERAL INFORMATION
fixed length control field 160606s1988 ii b b 001 0 eng
020 ## - INTERNATIONAL STANDARD BOOK NUMBER
International Standard Book Number 817074024X
Terms of availability : Rs130.00
035 ## - SYSTEM CONTROL NUMBER
System control number (BD-RjUL) 41943
040 ## - CATALOGING SOURCE
Original cataloging agency DLC
Transcribing agency DLC
Modifying agency DLC
-- BDjUL
Language of cataloging eng
041 ## - LANGUAGE CODE
Language code of text/sound track or separate title eng
082 00 - DEWEY DECIMAL CLASSIFICATION NUMBER
Classification number 954.03
Edition number 19
Author mark and year IND 1988
245 04 - TITLE STATEMENT
Title The Indian nation in 1942 /
Statement of responsibility, etc. editor, Gyanendra Pandey.
260 ## - PUBLICATION, DISTRIBUTION, ETC. (IMPRINT)
Place of publication, distribution, etc. Calcutta :
Name of publisher, distributor, etc. K.P. Bagchi,
Date of publication, distribution, etc. 1988.
300 ## - PHYSICAL DESCRIPTION
Pagination vi, 268 p. :
Illustrations ill. ;
Size 22 cm.
504 ## - BIBLIOGRAPHY, ETC. NOTE
Bibliography, etc Includes bibliographies and index.
651 #0 - SUBJECT ADDED ENTRY--GEOGRAPHIC NAME
Geographic name India
General subdivision History
Chronological subdivision Quit India movement, 1942.
9 (RLIN) 128477
700 1# - ADDED ENTRY--PERSONAL NAME
Personal name Pandey, Gyanendra,
Dates associated with a name 1949-
710 2# - ADDED ENTRY--CORPORATE NAME
Corporate name or jurisdiction name as entry element Centre for Studies in Social Sciences.
9 (RLIN) 126516
942 ## - ADDED ENTRY ELEMENTS (KOHA)
Source of classification or shelving scheme Dewey Decimal Classification
Koha item type Books
Holdings
Lost status Source of classification or shelving scheme Damaged status Not for loan Collection code Permanent Location Current Location Shelving location Date acquired Source of acquisition Cost, normal purchase price Total Checkouts Full call number Date last seen Copy number Koha item type
  Dewey Decimal Classification     Non-fiction Central Library, University of Rajshahi Central Library, University of Rajshahi   07/03/1998 Alighar library, Dhaka 130.00   954.03 IND 1988 06/06/2016 C-2 Books
  Dewey Decimal Classification     Non-fiction Central Library, University of Rajshahi Central Library, University of Rajshahi   07/03/1998 Alighar library, Dhaka 130.00   954.03 IND 1988 19/12/2016 C-3 Books